000 00851cam a2200265 i 4500
001 19485554
005 20250224105847.0
008 170208s2017 flu b 001 0 eng
010 _a 2016058678
020 _a9781498748117 (hardback : alk. paper)
020 _z9781315169941 (ebook)
020 _z9781351690430 (ebook)
020 _z9781351690423 (ebook)
020 _z9781351690416 (ebook)
040 _aDLC
_beng
_cDLC
_erda
_dDLC
042 _apcc
050 0 0 _aQA805
_b.B256 2017
082 0 0 _a531
_223
100 1 _aBagchi, Bijan Kumar,
_eauthor.
_95398
245 1 0 _aAdvanced classical mechanics /
_cBijan Kumar Bagchi.
260 1 _aBoca Raton :
_bCRC Press, Taylor & Francis Group,
_c[2017]
300 _axii, 259 pages ;
_c24 cm
504 _aIncludes bibliographical references (pages 253-255) and index.
650 0 _aMechanics.
_9610
999 _c710
_d710